[Event "SVK-chT3A2 1819"]
[Site "Slovakia"]
[Date "2019.01.27"]
[Round "7.1"]
[White "Slamena, Michal"]
[Black "Puskar, David"]
[Result "1-0"]
[WhiteElo "1994"]
[BlackElo "1818"]
[PlyCount "53"]
[EventDate "2018.10.07"]
[EventType "team-tourn"]
[EventRounds "11"]
[EventCountry "SVK"]
[SourceTitle "EXT 2020"]
[Source "ChessBase"]
[SourceDate "2019.10.17"]
[SourceVersion "1"]
[SourceVersionDate "2019.10.17"]
[SourceQuality "1"]
[WhiteTeam "Hlohovec"]
[BlackTeam "Trnava Lokomotiva III"]
[WhiteTeamCountry "SVK"]
[BlackTeamCountry "SVK"]

1. e4 e6 2. d4 d5 3. Nc3 dxe4 4. Nxe4 Nd7 5. Nf3 Ngf6 6. Bg5 Be7 7. Bxf6 Nxf6 8. Bd3 0-0 9. 0-0 b6 10. Re1 Rb8 11. c3 c5 12. Qc2 g6 13. dxc5 bxc5 14. Ne5 Qc7 15. Ng5 Bd6 16. Ngf3 Bb7 17. Rad1 Rfd8 18. c4 Bf8 19. Ng5 Ng4 20. Nxg4 Qf4 21. Ne4 f5 22. g3 Qc7 23. Ng5 Qc6 24. f3 fxg4 25. Be4 Qb6 26. Bxg6 Bg7 27. Bxh7+ 1-0

[Event "SVK-chT4 A22 1718"]
[Site "Slovakia"]
[Date "2018.02.11"]
[Round "9.2"]
[White "Schmikli, Laszlo"]
[Black "Puskar, David"]
[Result "1-0"]
[WhiteElo "2190"]
[BlackElo "1818"]
[PlyCount "97"]
[EventDate "2017.10.01"]
[EventType "team-tourn"]
[EventRounds "11"]
[EventCountry "SVK"]
[SourceTitle "EXT 2020"]
[Source "ChessBase"]
[SourceDate "2019.10.17"]
[SourceVersion "1"]
[SourceVersionDate "2019.10.17"]
[SourceQuality "1"]

1. e4 e6 2. a3 b6 3. d4 Bb7 4. Bd3 c5 5. c3 Nc6 6. Be3 cxd4 7. cxd4 Nf6 8. Nc3 Be7 9. Nge2 0-0 10. e5 Ng4 11. Bd2 Bg5 12. Ne4 Bxd2+ 13. Qxd2 Na5 14. Qf4 f5 15. Nd6 Bc6 16. h4 Nb7 17. Nxb7 Bxb7 18. f3 Nh6 19. Rc1 Qe7 20. Kf2 Rac8 21. Rxc8 Rxc8 22. Qg5 Qxg5 23. hxg5 Nf7 24. Bb5 Bc6 25. Bxc6 Rxc6 26. f4 d5 27. Rc1 Nd8 28. Rb1 a6 29. Ke3 Kf7 30. Kd2 Nb7 31. b4 b5 32. Kd3 g6 33. a4 bxa4 34. Nc3 a3 35. Ra1 Rb6 36. Rxa3 Rxb4 37. Rxa6 Nd8 38. Na4 Rb7 39. Nc5 Rc7 40. Rd6 Ke7 41. Rb6 Ra7 42. Rd6 Rc7 43. Kc3 Ke8 44. Kb3 Ke7 45. Ka4 Ke8 46. Rxd8+ Kxd8 47. Nxe6+ Kd7 48. Nxc7 Kxc7 49. Kb5 1-0

[Event "SVK-chT4 A22 1718"]
[Site "Slovakia"]
[Date "2017.10.29"]
[Round "3.3"]
[White "Puskar, David"]
[Black "Sarmir, Milos"]
[Result "1/2-1/2"]
[WhiteElo "1818"]
[BlackElo "2076"]
[PlyCount "96"]
[EventDate "2017.10.01"]
[EventType "team-tourn"]
[EventRounds "11"]
[EventCountry "SVK"]
[SourceTitle "EXT 2020"]
[Source "ChessBase"]
[SourceDate "2019.10.17"]
[SourceVersion "1"]
[SourceVersionDate "2019.10.17"]
[SourceQuality "1"]

1. c4 Nf6 2. Nc3 c6 3. g3 d5 4. cxd5 cxd5 5. d4 e6 6. Bg2 Nc6 7. Nf3 Bd6 8. 0-0 0-0 9. Bd2 b6 10. a3 Bb7 11. Rc1 Rc8 12. b4 Qe7 13. Qb3 Ne4 14. e3 Nxd2 15. Nxd2 a5 16. b5 Nb8 17. a4 Rc7 18. Ndb1 Rfc8 19. Ne2 Rc4 20. Nd2 Rxc1 21. Rxc1 Rxc1+ 22. Nxc1 Qc7 23. Ne2 Bb4 24. Nb1 Nd7 25. Nbc3 Nf6 26. Na2 Be7 27. Qc3 Qd7 28. f3 Ne8 29. Nac1 Nd6 30. Nd3 Nc4 31. Kf2 Qd6 32. f4 f6 33. Nb2 Nxb2 34. Qxb2 Bc8 35. Qc2 Bd7 36. Qc3 Kf7 37. h4 Bd8 38. Qc2 Qb4 39. Bf3 g6 40. h5 Be8 41. hxg6+ hxg6 42. Qc8 Be7 43. f5 exf5 44. Bxd5+ Kf8 45. Qe6 Bd8 46. Bb3 g5 47. Kf1 Bg6 48. Qg8+ Ke7 1/2-1/2

[Event "SVK-chT4 A22 1718"]
[Site "Slovakia"]
[Date "2017.10.15"]
[Round "2.4"]
[White "Uvacek, Radovan"]
[Black "Puskar, David"]
[Result "0-1"]
[WhiteElo "1784"]
[BlackElo "1818"]
[PlyCount "88"]
[EventDate "2017.10.01"]
[EventType "team-tourn"]
[EventRounds "11"]
[EventCountry "SVK"]
[SourceTitle "EXT 2020"]
[Source "ChessBase"]
[SourceDate "2019.10.17"]
[SourceVersion "1"]
[SourceVersionDate "2019.10.17"]
[SourceQuality "1"]

1. e4 e6 2. d4 d5 3. exd5 exd5 4. Nf3 Nf6 5. Bd3 Bd6 6. 0-0 0-0 7. Bg5 Be6 8. c3 Nbd7 9. Nbd2 c6 10. Qc2 Qc7 11. h3 b6 12. Rae1 h6 13. Bxf6 Nxf6 14. Re2 a5 15. Rfe1 Rab8 16. Bf5 Bxf5 17. Qxf5 c5 18. Nb3 a4 19. Nbd2 Rbd8 20. Qd3 Ra8 21. Ne5 Nh5 22. Qf5 Nf6 23. Ng4 Nxg4 24. Qxg4 cxd4 25. Qxd4 Rfd8 26. Nf3 a3 27. b3 Rac8 28. Rc2 b5 29. Kh1 b4 30. Ree2 bxc3 31. Qxd5 Bf4 32. Qf5 Rd1+ 33. Re1 Rcd8 34. Rce2 Rxe1+ 35. Nxe1 g6 36. Qc2 Rd2 37. Qe4 Rd1 38. Qe8+ Kg7 39. Qe4 Bd2 40. Qd4+ f6 41. g3 Rxe1+ 42. Rxe1 Bxe1 43. Qe3 c2 44. Qc1 Bd2 0-1

[Event "SVK-ch U18/20"]
[Site "Liptovsky Mikulas"]
[Date "2017.04.26"]
[Round "7"]
[White "Puskar, David"]
[Black "Jablonicky, Martin"]
[Result "0-1"]
[WhiteElo "1758"]
[BlackElo "2306"]
[PlyCount "128"]
[EventDate "2017.04.22"]
[EventType "swiss"]
[EventRounds "9"]
[EventCountry "SVK"]
[SourceTitle "CBM 178 Extra"]
[Source "ChessBase"]
[SourceDate "2017.06.22"]
[SourceVersion "1"]
[SourceVersionDate "2017.06.22"]
[SourceQuality "1"]

1. c4 f5 2. Nc3 Nf6 3. g3 g6 4. Bg2 Bg7 5. e3 0-0 6. Nge2 e5 7. 0-0 d6 8. b3 c6 9. d3 Qe8 10. Ba3 Qe7 11. Qd2 a5 12. Rae1 Na6 13. f4 Nb4 14. Na4 c5 15. Nb6 Ra6 16. Nxc8 Rxc8 17. Nc3 Rd8 18. Bb2 e4 19. dxe4 Nxe4 20. Bxe4 fxe4 21. Nd5 Nxd5 22. Qxd5+ Qf7 23. Qxf7+ Kxf7 24. Bxg7 Kxg7 25. Rd1 a4 26. Rf2 axb3 27. axb3 Rb6 28. Rb2 Ra8 29. Kf2 Kf6 30. h4 Ra3 31. Rdb1 Rb4 32. Ke2 Ke6 33. g4 b5 34. cxb5 Ra5 35. Kd2 Raxb5 36. Kc3 d5 37. Rd1 Rb6 38. Rdd2 c4 39. Rd4 Rxb3+ 40. Rxb3 Rxb3+ 41. Kd2 Rb2+ 42. Ke1 Rh2 43. f5+ gxf5 44. gxf5+ Ke5 45. f6 Rh3 46. Ke2 Rf3 47. Rd1 Rxf6 48. Rg1 Rg6 49. Rf1 Rg2+ 50. Kd1 Rg4 51. Rh1 h5 52. Rh3 Rg2 53. Rh1 d4 54. exd4+ Kxd4 55. Rh3 e3 56. Rh1 Kd3 57. Kc1 Rc2+ 58. Kb1 e2 59. Rg1 Kd2 60. Rg2 Rc1+ 61. Kb2 c3+ 62. Kb3 Rb1+ 63. Kc4 c2 64. Kd4 c1Q 0-1

[Event "SVK-ch U18/20"]
[Site "Liptovsky Mikulas"]
[Date "2017.04.25"]
[Round "5"]
[White "Puskar, David"]
[Black "Batora, Matej"]
[Result "1-0"]
[WhiteElo "1758"]
[BlackElo "1985"]
[PlyCount "65"]
[EventDate "2017.04.22"]
[EventType "swiss"]
[EventRounds "9"]
[EventCountry "SVK"]
[SourceTitle "CBM 178 Extra"]
[Source "ChessBase"]
[SourceDate "2017.06.22"]
[SourceVersion "1"]
[SourceVersionDate "2017.06.22"]
[SourceQuality "1"]

1. c4 e6 2. Nc3 d5 3. d4 Nf6 4. cxd5 exd5 5. g3 c6 6. Bg2 Bd6 7. Nf3 0-0 8. 0-0 Re8 9. Re1 Nbd7 10. Qc2 Nf8 11. Bg5 h6 12. Bxf6 Qxf6 13. e4 Qg6 14. Qc1 dxe4 15. Nh4 Qf6 16. Nxe4 Qd8 17. Qc3 Be6 18. Rad1 Be7 19. Nf3 Bxa2 20. b3 Qb6 21. Nfd2 f5 22. Nc5 Bf6 23. Rxe8 Rxe8 24. Qc2 Qb4 25. Qxa2 Bxd4 26. Nd3 Qb6 27. Nf3 Bf6 28. Nf4 Kh7 29. Qc2 g6 30. Qc4 Re7 31. h4 Nd7 32. Bh3 h5 33. Nxh5 1-0

[Event "SVK-chT3A2 1617"]
[Site "Slovakia"]
[Date "2016.12.11"]
[Round "5.5"]
[White "Puskar, David"]
[Black "Mezes, Kristof"]
[Result "1-0"]
[WhiteElo "1713"]
[BlackElo "1447"]
[PlyCount "75"]
[EventDate "2016.10.16"]
[EventType "team-tourn"]
[EventRounds "11"]
[EventCountry "SVK"]
[SourceTitle "EXT 2020"]
[Source "ChessBase"]
[SourceDate "2019.10.17"]
[SourceVersion "1"]
[SourceVersionDate "2019.10.17"]
[SourceQuality "1"]
[WhiteTeam "Trnava Lokomotiva III"]
[BlackTeam "Dunajska Streda II"]
[WhiteTeamCountry "SVK"]
[BlackTeamCountry "SVK"]

1. c4 e6 2. Nc3 d5 3. cxd5 exd5 4. g3 Nf6 5. d4 Bb4 6. Bd2 Be6 7. Bg2 c6 8. Qb3 Qb6 9. e3 Nbd7 10. Nge2 0-0 11. 0-0 a5 12. Qc2 Rac8 13. Nf4 c5 14. Rfe1 Rfe8 15. a3 cxd4 16. exd4 Bxc3 17. bxc3 Qxd4 18. cxd4 Rxc2 19. Bxa5 Nf8 20. Rac1 Rec8 21. Rxc2 Rxc2 22. Rb1 Ra2 23. Bb4 N8d7 24. h3 h6 25. Be7 b6 26. Rc1 Rd2 27. Rc6 Rxd4 28. Bxf6 gxf6 29. Rd6 Rd1+ 30. Kh2 Rd2 31. Nxe6 fxe6 32. Rxd7 Rxf2 33. Rd6 Kf7 34. Rxb6 d4 35. Rd6 e5 36. Kg1 Ra2 37. Bd5+ Kg6 38. Bxa2 1-0

[Event "SVK-chT4 A22 1516"]
[Site "Slovakia"]
[Date "2016.03.13"]
[Round "10.6"]
[White "Meszaros, Lorant"]
[Black "Puskar, David"]
[Result "1-0"]
[WhiteElo "2012"]
[BlackElo "1771"]
[PlyCount "101"]
[EventDate "2015.10.04"]
[EventType "team-tourn"]
[EventRounds "11"]
[EventCountry "SVK"]
[SourceTitle "EXT 2020"]
[Source "ChessBase"]
[SourceDate "2019.10.17"]
[SourceVersion "1"]
[SourceVersionDate "2019.10.17"]
[SourceQuality "1"]

1. d4 Nf6 2. c4 g6 3. g3 Bg7 4. Bg2 c6 5. e4 0-0 6. Nc3 d6 7. Nf3 Na6 8. 0-0 Nc7 9. h3 Rb8 10. a4 b5 11. axb5 cxb5 12. e5 dxe5 13. Nxe5 Bb7 14. Rxa7 Bxg2 15. Kxg2 Rb6 16. c5 Re6 17. Nf3 b4 18. Ne2 Qb8 19. Ra4 Rd8 20. Ng5 Rc6 21. Qb3 Ncd5 22. Bd2 Qb7 23. Nf3 h5 24. Rfa1 Ne4 25. Bxb4 Nd2 26. Nxd2 Re6 27. Kf1 Ne3+ 28. Qxe3 Rxe3 29. fxe3 Rd5 30. e4 Rd8 31. Bc3 Qb5 32. Kf2 Qd7 33. Nf3 Qxh3 34. d5 Qd7 35. Ra7 Qe8 36. Ned4 Rc8 37. c6 Bf8 38. e5 Rd8 39. R1a5 Rc8 40. b4 Qd8 41. Rd7 Qb6 42. Raa7 Kh7 43. d6 exd6 44. Rdb7 Qd8 45. Rxf7+ Kg8 46. e6 Ra8 47. e7 Bxe7 48. Rfxe7 Qc8 49. Rg7+ Kh8 50. Ne6 Qxc6 51. Rh7+ 1-0

[Event "SVK-ch U16"]
[Site "Tatralandia"]
[Date "2015.04.19"]
[Round "2"]
[White "Puskar, David"]
[Black "Fortiak, Samuel"]
[Result "1-0"]
[WhiteElo "1661"]
[BlackElo "1454"]
[PlyCount "111"]
[EventDate "2015.04.18"]
[EventType "swiss"]
[EventRounds "9"]
[EventCountry "SVK"]
[SourceTitle "CBM 166 Extra"]
[Source "ChessBase"]
[SourceDate "2015.06.18"]
[SourceVersion "1"]
[SourceVersionDate "2015.06.18"]
[SourceQuality "1"]

1. c4 e5 2. Nc3 Nc6 3. g3 Nf6 4. Bg2 Bc5 5. a3 a5 6. e3 d6 7. Nge2 0-0 8. d4 exd4 9. exd4 Bb6 10. 0-0 h6 11. b3 Re8 12. Re1 Nh7 13. Bb2 Bf5 14. Qd2 Qd7 15. Nd5 Be4 16. Nxb6 cxb6 17. Qc3 f6 18. d5 Bxg2 19. Kxg2 Ne5 20. f4 Ng4 21. Nd4 h5 22. Qd3 Nh6 23. Rad1 Re7 24. Rxe7 Qxe7 25. Rd2 Qd7 26. h3 Re8 27. Re2 Rxe2+ 28. Qxe2 g6 29. Qe4 Nf5 30. Bc3 Kf7 31. Be1 Nxd4 32. Qxd4 Qc7 33. Bf2 f5 34. Qxb6 Qxb6 35. Bxb6 a4 36. bxa4 Nf6 37. Ba5 Ne4 38. Bb4 Ke7 39. Kf3 Nf6 40. Be1 Ne4 41. g4 hxg4+ 42. hxg4 Kd7 43. gxf5 gxf5 44. Ba5 Nc5 45. Bb6 Nxa4 46. Bd4 Ke7 47. Ke3 Nc5 48. Bxc5 dxc5 49. a4 b6 50. Kf3 Kf7 51. Kg3 Kg7 52. Kh4 Kg6 53. d6 Kf6 54. d7 Ke7 55. Kg5 Kxd7 56. Kxf5 1-0

[Event "SVK-ch U16"]
[Site "Tatralandia"]
[Date "2015.04.18"]
[Round "1"]
[White "Sutor, Alexander"]
[Black "Puskar, David"]
[Result "1/2-1/2"]
[WhiteElo "1249"]
[BlackElo "1661"]
[PlyCount "177"]
[EventDate "2015.04.18"]
[EventType "swiss"]
[EventRounds "9"]
[EventCountry "SVK"]
[SourceTitle "CBM 166 Extra"]
[Source "ChessBase"]
[SourceDate "2015.06.18"]
[SourceVersion "1"]
[SourceVersionDate "2015.06.18"]
[SourceQuality "1"]

1. e4 e6 2. d4 d5 3. Nc3 Nf6 4. Bg5 Be7 5. e5 Nfd7 6. Bxe7 Qxe7 7. Nf3 0-0 8. Bb5 a6 9. Bd3 c5 10. dxc5 Nxc5 11. 0-0 Nc6 12. Re1 b5 13. a3 Bb7 14. Bf1 Qc7 15. Qe2 Nd7 16. Rad1 Rac8 17. Na2 Rfd8 18. c3 Nb6 19. Nb4 Ne7 20. Nd4 Qb8 21. Qg4 Nc4 22. Nd3 Ng6 23. f4 Re8 24. g3 Qa7 25. Bg2 Ne7 26. Kh1 Nc6 27. Nxc6 Bxc6 28. Qe2 Bb7 29. Nc1 Na5 30. Nd3 Red8 31. Nb4 Nc4 32. Rd4 Rd7 33. h4 Na5 34. Kh2 Rdc7 35. Bh3 Rc4 36. Nc2 Nb3 37. Rxc4 Rxc4 38. Ne3 Rc8 39. f5 Re8 40. fxe6 fxe6 41. Qh5 Bc6 42. Rf1 Qe7 43. Rf2 Nc5 44. Nc2 Ne4 45. Rf4 Nc5 46. Nd4 Bd7 47. Qf3 Nb7 48. b4 Nd8 49. Nb3 Bc8 50. Qf2 Nc6 51. Qb6 Nxe5 52. Nc5 Nc4 53. Qc6 Nxa3 54. Nxa6 Bd7 55. Qb7 Bc8 56. Qxe7 Rxe7 57. Nc5 Nb1 58. Rf3 Nd2 59. Re3 Kf7 60. Re2 Nc4 61. Rf2+ Ke8 62. Re2 Kf7 63. Rf2+ Kg6 64. Re2 Kf6 65. Rf2+ Ke5 66. Re2+ Kd6 67. Ra2 h6 68. Ra8 Rc7 69. h5 Ke7 70. Rb8 Nd6 71. Rb6 Bd7 72. Rb8 Nf5 73. Bxf5 exf5 74. Nxd7 Kxd7 75. Rxb5 Kd6 76. Rb6+ Ke5 77. Rg6 d4 78. cxd4+ Kxd4 79. b5 Kc5 80. b6 Rb7 81. Kg2 Rxb6 82. Rxb6 Kxb6 83. Kf3 Kc6 84. Kf4 Kd6 85. Kxf5 Ke7 86. Kg6 Kf8 87. g4 Kg8 88. Kf5 Kf7 89. Ke5 1/2-1/2

[Event "SVK-chT4 A22 1415"]
[Site "Slovakia"]
[Date "2015.02.01"]
[Round "8.2"]
[White "Puskar, David"]
[Black "Stefik, Miroslav"]
[Result "1-0"]
[WhiteElo "1647"]
[BlackElo "1674"]
[PlyCount "115"]
[EventDate "2014.10.12"]
[EventType "team-tourn"]
[EventRounds "11"]
[EventCountry "SVK"]
[SourceTitle "EXT 2019"]
[Source "ChessBase"]
[SourceDate "2018.10.10"]
[SourceVersion "1"]
[SourceVersionDate "2018.10.10"]
[SourceQuality "1"]

1. c4 c5 2. Nc3 Nc6 3. g3 Nf6 4. Bg2 e6 5. d3 Be7 6. Nf3 0-0 7. 0-0 d5 8. Nd2 d4 9. Nce4 Rb8 10. Nxf6+ Bxf6 11. Ne4 Be7 12. a3 f5 13. Nd2 Ne5 14. Qa4 a6 15. b4 b6 16. Nf3 Ng6 17. Bd2 Bd6 18. Rfe1 f4 19. bxc5 bxc5 20. Rab1 Qd7 21. Qc2 Bb7 22. Rf1 Bc6 23. e3 e5 24. e4 Rb7 25. Rxb7 Qxb7 26. Rb1 Qd7 27. Qd1 h6 28. Qf1 Qc7 29. Qe1 Rb8 30. Bh3 Rb7 31. Be6+ Kh8 32. Kg2 Qb8 33. Rxb7 Qxb7 34. Qc1 Nf8 35. Bh3 g5 36. Bf5 Kg7 37. Qc2 Nd7 38. h4 Kf6 39. Nh2 Kg7 40. Nf3 Nb6 41. hxg5 Bd7 42. gxh6+ Kxh6 43. Bxd7 Nxd7 44. Qc1 Nf8 45. Qh1+ Kg7 46. Nh4 Be7 47. Nf5+ Kf7 48. gxf4 Qc6 49. Qh5+ Qg6+ 50. Qxg6+ Nxg6 51. Nxe7 Nxe7 52. fxe5 Nc6 53. f4 a5 54. Kg3 Ke6 55. Kg4 a4 56. Kg5 Nd8 57. f5+ Kxe5 58. Bf4# 1-0

[Event "SVK-chT4 A22 1415"]
[Site "Slovakia"]
[Date "2014.10.26"]
[Round "2.5"]
[White "Puskar, David"]
[Black "Sandor, Stefan"]
[Result "1-0"]
[WhiteElo "1647"]
[BlackElo "1647"]
[PlyCount "78"]
[EventDate "2014.10.12"]
[EventType "team-tourn"]
[EventRounds "11"]
[EventCountry "SVK"]
[SourceTitle "EXT 2019"]
[Source "ChessBase"]
[SourceDate "2018.10.10"]
[SourceVersion "1"]
[SourceVersionDate "2018.10.10"]
[SourceQuality "1"]

1. c4 c5 2. Nc3 Nc6 3. g3 b6 4. Bg2 Bb7 5. Nf3 Nf6 6. 0-0 e6 7. d3 Be7 8. Bf4 Nh5 9. Bd2 0-0 10. e4 d5 11. exd5 exd5 12. Nxd5 Bd6 13. a3 Nf6 14. Bg5 Be7 15. Nxe7+ Qxe7 16. Re1 Qd6 17. Bf4 Qd7 18. Ng5 h6 19. Bh3 Qd8 20. Ne4 Nd4 21. Bg2 Nxe4 22. Bxe4 Bxe4 23. Rxe4 Qd7 24. Rc1 Rfe8 25. Rxe8+ Rxe8 26. Be3 Nf5 27. Qd2 Qc6 28. Rd1 Qe6 29. Kg2 Nxe3+ 30. fxe3 Qxe3 31. Qxe3 Rxe3 32. Kf2 Re7 33. Re1 Kf8 34. Rxe7 Kxe7 35. Ke3 Ke6 36. d4 cxd4+ 37. Kxd4 a5 38. b4 a4 39. Ke4 g6 1-0

[Event "Liptovsky Mikulas CupT U20"]
[Site "Liptovsky Mikulas"]
[Date "2014.06.20"]
[Round "3.2"]
[White "Puskar, David"]
[Black "Spacek, Oliver"]
[Result "0-1"]
[WhiteElo "1657"]
[BlackElo "2105"]
[PlyCount "80"]
[EventDate "2014.06.19"]
[EventType "team-swiss"]
[EventRounds "7"]
[EventCountry "SVK"]
[SourceTitle "EXT 2015"]
[Source "ChessBase"]
[SourceDate "2014.11.20"]
[SourceVersion "1"]
[SourceVersionDate "2014.11.20"]
[SourceQuality "1"]
[WhiteTeam "Interchess (U18) II"]
[BlackTeam "Osuske (U18)"]
[WhiteTeamCountry "SVK"]
[BlackTeamCountry "SVK"]

1. c4 g6 2. Nc3 Bg7 3. g3 e5 4. Bg2 Ne7 5. d3 c6 6. Nf3 d5 7. cxd5 cxd5 8. 0-0 Nbc6 9. Bg5 h6 10. Bd2 0-0 11. Rc1 Be6 12. a3 Qd7 13. Na4 b6 14. b4 f5 15. Bc3 d4 16. Ba1 Nd5 17. Nd2 g5 18. h3 Nce7 19. Nb2 Nc3 20. Qe1 Bd5 21. f3 b5 22. Nd1 Na2 23. Rc5 Rac8 24. Rxc8 Rxc8 25. Nf2 Rc1 26. Qxc1 Nxc1 27. Rxc1 a5 28. Rc5 axb4 29. axb4 Bf8 30. Nf1 Nc8 31. Rc1 Bxb4 32. Rb1 Bc3 33. Bxc3 dxc3 34. Ne3 Ne7 35. Nfd1 f4 36. gxf4 gxf4 37. Nc2 Ba2 38. Rc1 Nd5 39. Na3 b4 40. Nc2 b3 0-1

[Event "Liptovsky Mikulas CupT U20"]
[Site "Liptovsky Mikulas"]
[Date "2013.06.26"]
[Round "8"]
[White "Puzko, Danila"]
[Black "Puskar, David"]
[Result "1-0"]
[WhiteElo "2018"]
[BlackElo "1706"]
[PlyCount "129"]
[EventDate "2013.06.21"]
[EventType "team-tourn"]
[EventRounds "8"]
[EventCountry "SVK"]
[SourceTitle "EXT 2014"]
[Source "ChessBase"]
[SourceDate "2013.11.20"]
[SourceVersion "1"]
[SourceVersionDate "2013.11.20"]
[SourceQuality "1"]

1. e4 e6 2. d4 d5 3. Nc3 dxe4 4. Nxe4 Nd7 5. Nf3 Be7 6. Be2 Ngf6 7. Nxf6+ Nxf6 8. 0-0 0-0 9. Bf4 c5 10. c3 b6 11. Ne5 Bb7 12. Bf3 Bxf3 13. Qxf3 cxd4 14. Nc6 Qd7 15. Nxd4 Nd5 16. Bg3 Bf6 17. Rad1 Qa4 18. Qe2 Rac8 19. Nb5 Qc4 20. Qxc4 Rxc4 21. b3 Rcc8 22. c4 Nc3 23. Nxc3 Bxc3 24. Rd7 Ra8 25. Rfd1 Bf6 26. Bc7 Rfe8 27. Kf1 g6 28. a4 Kg7 29. a5 bxa5 30. Bxa5 Reb8 31. R1d3 Rc8 32. Rb7 Rcb8 33. Rdd7 Rxb7 34. Rxb7 a6 35. Bb6 Kf8 36. b4 Ke8 37. Ke2 Bc3 38. Bc5 Bf6 39. Kd3 h5 40. Kc2 Rc8 41. Ra7 Rc6 42. Kb3 Bg5 43. Bd4 Be7 44. c5 Bg5 45. Kc4 Bh4 46. b5 axb5+ 47. Kxb5 Rc8 48. c6 Bg5 49. Bb6 Be7 50. Rd7 Bf6 51. Rd3 Be5 52. Rd2 Bf4 53. Rc2 Be5 54. c7 Bxc7 55. Rxc7 Rxc7 56. Bxc7 Ke7 57. Kc4 Kf6 58. Kd4 Kf5 59. f3 f6 60. Bd8 g5 61. Ke3 Ke5 62. g3 Kf5 63. h3 e5 64. g4+ hxg4 65. hxg4+ 1-0

[Event "SVK-ch U14"]
[Site "Lubovna"]
[Date "2013.04.12"]
[Round "8"]
[White "Simo, Marian"]
[Black "Puskar, David"]
[Result "1-0"]
[WhiteElo "1812"]
[BlackElo "1706"]
[PlyCount "49"]
[EventDate "2013.04.06"]
[EventType "swiss"]
[EventRounds "9"]
[EventCountry "SVK"]
[SourceTitle "CBM 153 Extra"]
[Source "ChessBase"]
[SourceDate "2013.04.22"]
[SourceVersion "1"]
[SourceVersionDate "2013.04.22"]
[SourceQuality "1"]

1. e4 e6 2. d4 d5 3. Nc3 Nf6 4. Bg5 h6 5. Bxf6 Qxf6 6. e5 Qd8 7. f4 Bd7 8. Nf3 Nc6 9. a3 a6 10. Bd3 Qe7 11. Qd2 0-0-0 12. b4 Na7 13. 0-0 Rg8 14. Rfb1 g5 15. f5 exf5 16. Nxd5 Qe6 17. c4 Kb8 18. a4 c6 19. Nf6 Rg7 20. b5 Ka8 21. bxa6 bxa6 22. Qb2 Nb5 23. axb5 cxb5 24. cxb5 Bc8 25. bxa6 1-0

[Event "SVK-ch U14"]
[Site "Lubovna"]
[Date "2013.04.07"]
[Round "2"]
[White "Jablonicky, Martin"]
[Black "Puskar, David"]
[Result "1/2-1/2"]
[WhiteElo "1935"]
[BlackElo "1706"]
[PlyCount "86"]
[EventDate "2013.04.06"]
[EventType "swiss"]
[EventRounds "9"]
[EventCountry "SVK"]
[SourceTitle "CBM 153 Extra"]
[Source "ChessBase"]
[SourceDate "2013.04.22"]
[SourceVersion "1"]
[SourceVersionDate "2013.04.22"]
[SourceQuality "1"]

1. Nf3 d5 2. d4 e6 3. c4 Nf6 4. Nc3 c6 5. e3 Be7 6. b3 Nbd7 7. Bb2 0-0 8. Bd3 dxc4 9. bxc4 a6 10. Qc2 b5 11. 0-0 bxc4 12. Bxc4 c5 13. d5 Nb6 14. Ne5 exd5 15. Rad1 Bb7 16. Bb3 Qc7 17. Ne2 Rac8 18. Qb1 Rfd8 19. Bc2 d4 20. exd4 cxd4 21. Bxd4 Qxc2 22. Qxb6 Rb8 23. Qb3 Qxb3 24. axb3 Bd5 25. Ra1 Ra8 26. Nc4 Bxc4 27. bxc4 Rdc8 28. Rfc1 Ne4 29. Ra2 Bg5 30. f4 Be7 31. g3 Bc5 32. Bxc5 Rxc5 33. Kg2 Nd6 34. Ra4 a5 35. Nd4 Rac8 36. Nb3 Rxc4 37. Rcxc4 Rxc4 38. Rxa5 Rc2+ 39. Kh3 g6 40. Nd4 Rd2 41. Ra8+ Kg7 42. Nf3 Rb2 43. Ra7 Rb7 1/2-1/2